| Tag |
First Indicator |
Second Indicator |
Subfields |
| LEADER |
00000nam a22000007i 4500 |
| 001 |
in00005776320 |
| 005 |
20260327191531.1 |
| 006 |
m o d |
| 007 |
cr cnu---unuuu |
| 008 |
251020t20252026ne o 001 0 eng d |
| 040 |
|
|
|a OPELS
|b eng
|e rda
|e pn
|c OPELS
|d OCLCO
|
| 020 |
|
|
|z 9780443293061
|
| 035 |
|
|
|a (OCoLC)1545792303
|
| 050 |
|
4 |
|a Q325.75
|
| 082 |
0 |
4 |
|a 006.3/1
|2 23/eng/20251020
|
| 049 |
|
|
|a TXAM
|
| 100 |
1 |
|
|a Maxwell, Aaron E.,
|e author.
|
| 245 |
1 |
0 |
|a Supervised learning in remote sensing and geospatial science :
|b theory and practice /
|c Aaron E. Maxwell, Christopher A. Ramezan, Yaqian He.
|
| 264 |
|
1 |
|a Amsterdam, Netherlands :
|b Elsevier,
|c [2025]
|
| 264 |
|
4 |
|c ©2026
|
| 300 |
|
|
|a 1 online resource.
|
| 336 |
|
|
|a text
|b txt
|2 rdacontent
|
| 337 |
|
|
|a computer
|b c
|2 rdamedia
|
| 338 |
|
|
|a online resource
|b cr
|2 rdacarrier
|
| 520 |
|
|
|a Supervised Learning in Remote Sensing and Geospatial Science is an invaluable resource focusing on practical applications of supervised learning in remote sensing and geospatial data science. Emphasizing practicality, the book delves into creating labeled datasets for training and evaluating models. It addresses common challenges like data imbalance and offers methods for assessing model performance. This guide bridges the gap between theory and practice, providing tools and techniques for extracting actionable information from raw geospatial data. The book covers all aspects of supervised learning workflows, including preparing diverse remotely sensed and geospatial data inputs. It equips researchers, practitioners, and students with essential knowledge for applied mapping and modeling tasks, making it an indispensable reference for advancing geospatial science.
|
| 500 |
|
|
|a Includes index.
|
| 588 |
0 |
|
|a Online resource; title from PDF title page (ScienceDirect, viewed October 20, 2025).
|
| 650 |
|
0 |
|a Supervised learning (Machine learning)
|
| 650 |
|
0 |
|a Remote sensing
|x Data processing.
|
| 650 |
|
0 |
|a Geographic information systems
|x Data processing.
|
| 650 |
|
6 |
|a Apprentissage supervisé (Intelligence artificielle)
|
| 655 |
|
7 |
|a Electronic books.
|2 local
|
| 700 |
1 |
|
|a Ramezan, Christopher,
|e author.
|
| 700 |
1 |
|
|a He, Yaqian,
|e author.
|
| 710 |
2 |
|
|a ScienceDirect (Online service)
|
| 856 |
4 |
0 |
|u http://proxy.library.tamu.edu/login?url=https://www.sciencedirect.com/science/book/9780443293061
|z Connect to the full text of this electronic book
|t 0
|
| 955 |
|
|
|a Elsevier ScienceDirect 2026-2027
|
| 994 |
|
|
|a 92
|b TXA
|
| 999 |
f |
f |
|i c54f91ee-8004-438c-88c7-e055fc9cc0df
|s e15b09db-610a-4b50-ab9d-6d80d1af7be3
|t 0
|
| 952 |
f |
f |
|a Texas A&M University
|b College Station
|c Electronic Resources
|s www_evans
|d Available Online
|t 0
|e Q325.75
|h Library of Congress classification
|
| 998 |
f |
f |
|a Q325.75
|t 0
|l Available Online
|